000 00901na a2200301 4500
001 15785
003 MIRAKIL
005 20181213154747.0
008 160929b tu 000 0
020 _a9786054307487
035 _a15785
040 _aMilas
_btur
_cTR-AnCHP
082 _a956.22649
_bE67ç 2010
090 _a956.22649 E67ç 2010
100 _aErtürk, Güzide
222 _aÇamlıca
245 _aRüzgargülü
_bÇamlıca
_cGüzide Ertürk ; editör Rozerin Doğan
246 _aÇamlıca
260 _aİstanbul
_bHeyamola yayınları
_c2010
300 _a123 s.
_bres.
_c20 sm.
490 _aHeyamola Yayınları
_v147
651 _aÇamlıca (İstanbul)
_xKültür
_yTarih
651 _aÇamlıca (İstanbul)
_xGezi ve tanıtım
651 _aİstanbul
_xKültür
_yTarih
651 _aİstanbul
_xTarih
_yGezi ve tanıtım
700 _aDoğan, Rozerin
942 _2ddc
_cBKS
999 _c377
_d377